Principais rios das capitais europeias - Statistics

Estatísticas Gerais
  • Esse quiz foi jogado 24 vezes
  • A pontuação média é 6 de 31
Estatísticas das Respostas
Capital Rio... % Correto
Paris Sena
100%
Lisboa Tejo
79%
Londres Tâmisa
71%
Belgrado Danúbio
57%
Bratislava Danúbio
57%
Budapeste Danúbio
57%
VIena Danúbio
57%
Roma Tibre
50%
Amsterdã Amstel
21%
Moscou Moscou
21%
Berna Aar
14%
Madrid Manzanares
14%
Luxemburgo Alzette e Pétrusse
7%
Berlim Espreia
7%
Bruxelas Senne
7%
Varsóvia Vístula
7%
Bucareste Dâmbovita
0%
Riga Daugava
0%
Reiquiavique Ellidaár
0%
Atenas Ilisos ou Cefiso
0%
Sofia Iskar
0%
Tirana Lanë
0%
Dublin Liffey
0%
Liubliana Ljubjanica
0%
Sarajevo Miljacka
0%
Praga Moldava
0%
Vilnius Neris
0%
Nicósia Pedieos
0%
Talin Pirita
0%
Zagreb Sava
0%
Helsínquia Vantaa
0%
Nenhum quiz correspondente encontrado
Distribuição das Pontuações
Porcentagem de Pessoas com Cada Pontuação
Percentil de Números Respondidos
Sua Pontuação Histórica
Você não jogou esse quiz